000 00815cam a2200265 a 4500
001 17851317
005 20180306075713.0
008 130814s2011 ilu b 001 0 eng d
010 _a 2012554120
020 _a9780898031706 (pbk.)
020 _a0898031702
035 _a(OCoLC)ocn749853673
040 _aBTCTA
_beng
_cBTCTA
_dTLE
_dSJG
_dDLC
041 _aeng
042 _alccopycat
080 _a530.14 PAL
082 _a530.14 PAL
100 _a59
101 _aKAP
245 0 4 _aThe morality of capitalism :
_cedited by Tom G. Palmer.
504 _aIncludes bibliographical references and index.
906 _a7
_bcbc
_ccopycat
_d3
_encip
_f20
_gy-gencatlg
942 _2ddc
_cBK
999 _c44195
_d44195